|
|
|
|
| LEADER |
00000nas a2200000 i 4500 |
| 001 |
ssj0000913835 |
| 003 |
WaSeSS |
| 005 |
20200512172242.0 |
| 006 |
m d |
| 007 |
cr n |
| 008 |
131120c20139999sz qr pos 0 0eng c |
| 010 |
|
|
|a 2014247781
|
| 016 |
7 |
|
|a 101666525
|2 DNLM
|
| 022 |
|
|
|a 2227-9032
|l 2227-9032
|
| 035 |
|
|
|a (WaSeSS)ssj0000913835
|
| 040 |
|
|
|a CNCGM
|b eng
|e pn
|c CNCGM
|d PFM
|d OCLCO
|d NLM
|d OCLCF
|d CUS
|d VT2
|d OCLCO
|d OCLCA
|d WaSeSS
|
| 042 |
|
|
|a pcc
|
| 050 |
1 |
4 |
|a RA421
|
| 060 |
0 |
0 |
|a W1
|
| 130 |
0 |
|
|a Healthcare (Basel, Switzerland)
|
| 210 |
1 |
0 |
|a Healthcare (Basel)
|2 dnlm
|
| 245 |
1 |
0 |
|a Healthcare
|h [electronic resource].
|
| 246 |
1 |
|
|a Health care
|
| 260 |
|
|
|a Basel, Switzerland :
|b MDPI AG,
|c [2013]-
|
| 310 |
|
|
|a Quarterly,
|b 2014-
|
| 362 |
1 |
|
|a Began with Volume 1, Issue 1 (December 2013).
|
| 506 |
|
|
|a License restrictions may limit access.
|
| 515 |
|
|
|a Numbering from content page.
|
| 515 |
|
|
|a Volume 1 complete in 1 issue.
|
| 588 |
|
|
|a Description based on: Volume 1, Issue 1 (December 2013); title from journal home page (MDPF website, viewed November 7, 2014).
|
| 588 |
|
|
|a Latest issue consulted: Volume 3, Issue 4 (December 2015) (viewed December 29, 2015).
|
| 650 |
|
0 |
|a Medical care
|v Periodialcs.
|
| 650 |
|
0 |
|a Health planning
|v Periodicals.
|
| 650 |
1 |
2 |
|a Health Planning.
|
| 650 |
1 |
2 |
|a Delivery of Health Care.
|
| 650 |
|
7 |
|a Health planning.
|2 fast
|0 (OCoLC)fst00953159
|
| 650 |
|
7 |
|a Medical care.
|2 fast
|0 (OCoLC)fst01013753
|
| 655 |
|
0 |
|a Electronic journals.
|
| 856 |
4 |
0 |
|z Full text available from Research Library: 01/01/2013 to 12/31/2018
|u https://search.proquest.com/publication/2032390
|
| 856 |
4 |
0 |
|z Full text available from Research Library: 01/01/2020 to present
|u https://search.proquest.com/publication/2032390
|